Brain Teasers - Statistics

General Stats
  • This quiz has been taken 620 times
    606 since last reset
  • The average score is 9 of 18
Answer Stats
Brain Teasers Answer % Correct
What occurs once in a minute, twice in a moment and never in one thousand years? M
95%
Mary’s father has 5 daughters – Nana, Nene, Nini, Nono. What is the fifth daughters name? Mary
88%
What can you catch but not throw? A Cold
69%
What is at the end of a rainbow? W
68%
What has hands but can not clap? What has hands but can not clap? Clock
66%
What starts with the letter “t”, is filled with “t” and ends in “t”? Teapot
57%
What is so delicate that saying its name breaks it? Silence
55%
Poor people have it. Rich people need it. If you eat it you die. What is it? Nothing
54%
What goes up when rain comes down? Umbrella
49%
What comes down but never goes up? Rain
48%
What goes up but never comes down? Your Age
43%
They come out at night without being called, and are lost in the day without being stolen. What are they? Stars
42%
If I have it, I don’t share it. If I share it, I don’t have it. What is it? Secret
37%
If I drink, I die. If i eat, I am fine. What am I? Fire
35%
What travels around the world but stays in one spot? Stamp
34%
I’m tall when I’m young and I’m short when I’m old. What am I? Candle
33%
What has one eye but cannot see? A Needle
26%
What has a foot but no legs? Snail
11%
No matching quizzes found
Score Distribution
Percent of People with Each Score
Percentile by Number Answered
Your Score History
You have not taken this quiz since the last reset